An introduction to the criminal law in Australia
| Authors: | ; |
|---|---|
| Format: | Print Book |
| Language: | English |
| Published: |
Nendeln
Kraus
1968
|
| In: |
English studies in criminal science (6)
Year: 1968 |
| Edition: | Nachdr. d. Ausg. London 1948 |
| Availability in Tübingen: | Present in Tübingen. IFK: S XVII 6 UB: KB 7 A 408 |
| Check availability: | HBZ Gateway |
| Subito Delivery Service: | Order now. |
| Keywords: |
MARC
| LEADER | 00000cam a2200000 c 4500 | ||
|---|---|---|---|
| 001 | 107751171X | ||
| 003 | DE-627 | ||
| 005 | 20220429153039.0 | ||
| 007 | tu | ||
| 008 | 850101s1968 xx ||||| 00| ||eng c | ||
| 035 | |a (DE-627)107751171X | ||
| 035 | |a (DE-576)00751171X | ||
| 035 | |a (DE-599)BSZ00751171X | ||
| 035 | |a (OCoLC)310446191 | ||
| 035 | |a (OCoLC)310446191 | ||
| 040 | |a DE-627 |b ger |c DE-627 |e rakwb | ||
| 041 | |a eng | ||
| 100 | 1 | |a Barry, J. V. |4 aut | |
| 245 | 1 | 3 | |a An introduction to the criminal law in Australia |c J. V. Barry; George W. Paton |
| 250 | |a Nachdr. d. Ausg. London 1948 | ||
| 264 | 1 | |a Nendeln |b Kraus |c 1968 | |
| 300 | |a X, 128 S. | ||
| 336 | |a Text |b txt |2 rdacontent | ||
| 337 | |a ohne Hilfsmittel zu benutzen |b n |2 rdamedia | ||
| 338 | |a Band |b nc |2 rdacarrier | ||
| 490 | 1 | |a English studies in criminal science |v 6 | |
| 689 | 0 | 0 | |d g |0 (DE-588)4003900-6 |0 (DE-627)106388347 |0 (DE-576)208853154 |a Australien |2 gnd |
| 689 | 0 | 1 | |d s |0 (DE-588)4057795-8 |0 (DE-627)106149458 |0 (DE-576)209123737 |a Strafrecht |2 gnd |
| 689 | 0 | |5 (DE-627) | |
| 700 | 1 | |a Paton, G. W. |d 1902-1985 |0 (DE-588)105691971X |0 (DE-627)794232558 |0 (DE-576)412906635 |4 aut | |
| 830 | 0 | |a English studies in criminal science |v 6 |9 6 |w (DE-627)130012831 |w (DE-576)015557464 |w (DE-600)419148-1 |7 am | |
| 951 | |a BO | ||
| ELC | |b 1 | ||
| LOK | |0 000 xxxxxcx a22 zn 4500 | ||
| LOK | |0 001 2059001595 | ||
| LOK | |0 003 DE-627 | ||
| LOK | |0 004 107751171X | ||
| LOK | |0 005 20020606000000 | ||
| LOK | |0 008 910618||||||||||||||||ger||||||| | ||
| LOK | |0 040 |a DE-21 |c DE-627 |d DE-21 | ||
| LOK | |0 852 |a DE-21 | ||
| LOK | |0 852 1 |c KB 7 A 408 |9 00 | ||
| LOK | |0 935 |a krim | ||
| LOK | |0 936ln |a k2.1 | ||
| LOK | |0 939 |a 18-06-91 |b l01 | ||
| LOK | |0 000 xxxxxcx a22 zn 4500 | ||
| LOK | |0 001 2059001609 | ||
| LOK | |0 003 DE-627 | ||
| LOK | |0 004 107751171X | ||
| LOK | |0 005 20020607000000 | ||
| LOK | |0 008 940427||||||||||||||||ger||||||| | ||
| LOK | |0 040 |a DE-21-110 |c DE-627 |d DE-21-110 | ||
| LOK | |0 852 |a DE-21-110 | ||
| LOK | |0 852 1 |c S XVII 6 |m p |9 00 | ||
| LOK | |0 935 |a k110 | ||
| LOK | |0 936ln |a 5.7 | ||
| LOK | |0 938 |k p | ||
| LOK | |0 939 |a 27-04-94 |b l01 | ||
| ORI | |a SA-MARC-krimdoka001.raw | ||
| SIG | |a IFK: S XVII 6 | ||
| SIG | |a UB: KB 7 A 408 | ||
| TIM | |a 100019010101_100020261231 |b 1901 - 2026 | ||
